00615 2200241 4500001002100000005001700021008004100038020001800079035002400097082001100121090001800132100002400150245005200174250001100226260003300237300003000270650001400300850001500314980001100329985000600340986001200346999001500358YOGYA-0209000001462020090227022432.0 ind  a979-666-035-0 0010-020900000014620 a320.5P a320.5PbDar G aDARMODIHARJO, Darji aGlosarium Sekitar PancasilacDarji Darmodiharjo aCet. 1 aJakartabBalai Pustakac1997 axii, 174 hlmbilusc21 cm aPancasila aYOPDYOG(B) a300705 a1 apkrtrev a00P0001877